| 000 -LEADER |
| fixed length control field |
00580nam a2200217Ia 4500 |
| 001 - CONTROL NUMBER |
| control field |
13923 |
| 003 - CONTROL NUMBER IDENTIFIER |
| control field |
GE_BSU |
| 005 - DATE AND TIME OF LATEST TRANSACTION |
| control field |
20221124114656.0 |
| 008 - FIXED-LENGTH DATA ELEMENTS--GENERAL INFORMATION |
| fixed length control field |
181216s1993||||enk|||||||||||||| ||eng|| |
| 020 ## - INTERNATIONAL STANDARD BOOK NUMBER |
| International Standard Book Number |
0751360058x |
| 040 ## - CATALOGING SOURCE |
| Transcribing agency |
GE_BSU |
| 041 ## - LANGUAGE CODE |
| Language code of text/sound track or separate title |
eng |
| 080 ## - UNIVERSAL DECIMAL CLASSIFICATION NUMBER |
| Universal Decimal Classification number |
599.61(075) E-63 |
| 245 ## - TITLE STATEMENT |
| Title |
Elephant.Eyewitness Guides / |
| Statement of responsibility, etc. |
Written by Ian Redmond; Photographed by Dave King. |
| 264 ## - PRODUCTION, PUBLICATION, DISTRIBUTION, MANUFACTURE, AND COPYRIGHT NOTICE |
| Place of production, publication, distribution, manufacture |
London: |
| Name of producer, publisher, distributor, manufacturer |
Dorling kindersley, |
| Date of production, publication, distribution, manufacture, or copyright notice |
1993. |
| 300 ## - PHYSICAL DESCRIPTION |
| Extent |
63 p.; |
| Other physical details |
28 cm. |
| 300 ## - PHYSICAL DESCRIPTION |
| Other physical details |
ill. |
| 653 ## - INDEX TERM--UNCONTROLLED |
| keyword |
Elephant.Eyewitness Guides. |
| 653 ## - INDEX TERM--UNCONTROLLED |
| keyword |
სპილო |
| 942 ## - ADDED ENTRY ELEMENTS (KOHA) |
| Koha item type |
წიგნი |
| Source of classification or shelving scheme |
|